| 000 | 01160pam a2200349 a 4500 | ||
|---|---|---|---|
| 001 | 10050 | ||
| 003 | FISKH | ||
| 005 | 20260401154040.0 | ||
| 008 | 960213s1996 txu j 000 1 eng | ||
| 010 | _a 96010293 | ||
| 020 |
_a0849938678 _qpbk. |
||
| 020 |
_a9780849938672 _q(pbk.) |
||
| 040 |
_aDLC _cDLC _dDLC _beng |
||
| 050 | 0 | 0 |
_aPZ7.M98234 _bMym 1996 |
| 082 | _a823.01 | ||
| 100 | 1 |
_aMyers, Bill, _d1953- |
|
| 245 | 1 | 0 |
_aMy life as a toasted time traveler / _cBill Myers. |
| 260 |
_aDallas : _bWord Pub., _c1996. |
||
| 300 |
_a115 pages ; _c20 cm. |
||
| 490 | 1 |
_aThe incredible worlds of Wally McDoogle ; _v#10 |
|
| 500 | _a"Word kids!" | ||
| 505 | _aR | ||
| 520 | _aAfter a future version of himself travels back in time to warn Wally of an upcoming accident, he is confronted by multiple future Wallys arguing that he must not try to rewrite God's plan for his life. | ||
| 521 | 8 |
_a690
_bLexile |
|
| 521 | 8 |
_aR
_bRaz-Plus |
|
| 650 | 1 |
_aTime travel _xFiction. |
|
| 650 | 1 |
_aChristian life _xFiction. |
|
| 650 | 1 | _aHumorous stories. | |
| 906 |
_a7 _bcbc _corignew _d1 _eocip _f19 _gy-gencatlg |
||
| 942 |
_2ddc _cBK _n0 |
||
| 999 |
_c10050 _d10050 |
||